Apalah yang dimaksudkan aqidah ahlus sunnah waljamah

Bibliographic Details
Main Author: Muhammad Saleh Al-Uthimin (Author)
Other Authors: Moslim Aboud Ma'an (translation)
Format: Book
Language:Indonesian
Published: Surabaya : PT Bina Ilmu 135
Subjects:

MARC

LEADER 00000cam a2200000 7i4500
001 0000004129
005 20240930.0
008 991208 io ind
040 |a INS   |b eng   |e rda 
090 0 0 |a BP165.5   |b .M9521 1985 
100 0 |a Muhammad Saleh Al-Uthimin ,   |e author 
245 1 0 |a Apalah yang dimaksudkan aqidah ahlus sunnah waljamah   |c Muhammad Saleh Al-Uthaimin   |f alihbahasa Moslim Aboud Ma'ani 
264 1 |a Surabaya :   |b PT Bina Ilmu   |c 135 
300 |a 88 pages ;   |c 18 cm. 
336 |a text  |2 rdacontent 
337 |a unmediated  |2 rdamedia 
338 |a volume  |2 rdacarrier 
650 0 0 |a Islamic Sects 
650 0 0 |a Sunnies 
700 0 |a Moslim Aboud Ma'an ,   |e translation 
999 |a 0000002038   |b BOOK   |c Open Shelf   |e Default branch 
999 |a 0000002039   |b BOOK   |c Open Shelf   |e Default branch